Equations and inequalities making mathematics accessible to all

Enregistré dans:
Détails bibliographiques
Collectivité auteur: Programme for International Student Assessment (OECD)
Format: Livre
Langue:anglais
Publié: Paris OECD 2016
Collection:PISA
Sujets:
Tags: Ajouter un tag
Pas de tags, Soyez le premier à ajouter un tag!

MARC

LEADER 00000nam a2200000 4500
001 0228108
005 20240314122912.7
020 |a 978-92-64-25848-8 
041 0 |a eng 
044 |a FR 
245 1 0 |a Equations and inequalities  |b making mathematics accessible to all 
264 1 |a Paris  |b OECD  |c 2016 
300 |a 220 s. 
490 1 |a PISA 
830 0 |a PISA 
610 2 0 |a vzdelávanie 
610 2 0 |a vzdelanie 
610 2 0 |a matematika 
610 2 0 |a školstvo 
610 2 0 |a politika vzdelávania 
610 2 0 |a vyučovanie 
610 2 0 |a technika didaktická 
610 2 0 |a porovnanie medzinárodné 
710 2 |a Programme for International Student Assessment (OECD)